Letterboxd Top 250 Films with Most Fans by Poster - Statistics

General Stats
  • This quiz has been taken 232 times
  • The average score is 161 of 250
Answer Stats
Picture Answer % Correct
Interstellar
98%
Fight Club
97%
La La Land
97%
Forrest Gump
94%
Pulp Fiction
94%
The Godfather
94%
Kill Bill
93%
Parasite
93%
The Dark Knight
93%
The Silence of the Lambs
93%
The Truman Show
93%
Black Swan
92%
Coraline
92%
Back to the Future
91%
Good Will Hunting
91%
IT
91%
Jurassic Park
91%
Oppenheimer
91%
Ratatouille
91%
The Batman
91%
Titanic
91%
Dead Poets Society
90%
Inception
90%
Avatar
89%
Shrek 2
89%
The Matrix
89%
The Devil Wears Prada
88%
American Psycho
87%
Fantastic Mr. Fox
87%
Whiplash
87%
Wicked
87%
Call Me By Your Name
86%
Eternal Sunshine of the Spotless Mind
86%
Jaws
86%
Mamma Mia!
86%
The Wolf of Wall Street
86%
Cars
85%
Joker
85%
Se7en
85%
Spirited Away
85%
Superman
85%
The Grand Budapest Hotel
85%
Barbie
84%
Django Unchained
84%
Dune
84%
Dune: Part Two
84%
Gladiator
84%
Twilight
84%
10 Things I Hate About You
83%
Alien
83%
Donnie Darko
83%
Everything Everywhere All at Once
83%
How to Train your Dragon
83%
Sinners
83%
The Notebook
83%
The Shawshank Redemption
83%
Goodfellas
82%
Mean Girls
82%
Midsommar
82%
Scream
82%
Shrek
82%
Shutter Island
82%
Tangled
82%
The Lion King
82%
The Shining
82%
Brokeback Mountain
81%
Coco
81%
Avengers: Endgame
80%
Wall-E
80%
Get Out
79%
Taxi Driver
79%
Alice in Wonderland
78%
Lady Bird
78%
Little Women
78%
Pride & Prejudice
78%
Spider-man: Into the Spider-verse
78%
Edward Scissorhands
77%
Little Miss Sunshine
77%
Once Upon a Time in Hollywood
77%
Soul
77%
The Perks of Being a Wallflower
77%
Baby Driver
76%
Inglourious Basterds
76%
The Social Network
76%
Catch Me If You Can
75%
Knives Out
75%
Scott Pilgrim vs. the World
75%
(500) Days of Summer
74%
The Hunger Games
74%
Scarface
73%
The Amazing Spider-man
73%
The Maze Runner
73%
Her
72%
The Pianist
72%
Avengers: Infinity War
71%
Howl's Moving Castle
71%
Moonlight
71%
The Green Mile
71%
The Lego Batman Movie
71%
12 Angry Men
70%
Challengers
70%
Jojo Rabbit
70%
Amelie
69%
Harry Potter and the Prisoner of Azkaban
69%
No Country for Old Men
69%
Spider-man: Across the Spider-verse
69%
The Nightmare Before Christmas
69%
Top Gun: Maverick
69%
Legally Blonde
68%
Memento
68%
White Chicks
68%
A Clockwork Orange
67%
Before Sunrise
67%
Juno
67%
2001: A Space Odyssey
66%
Blade Runner 2049
66%
Corpse Bride
66%
Ferris Bueller's Day Off
66%
Spider-man 2
66%
The Thing
66%
Superbad
65%
Beautiful Boy
64%
Drive
64%
How to Lose a Guy in 10 Days
64%
La Haine
64%
LOTR: The Return of the King
64%
Poor Things
64%
The Hunger Games: Catching Fire
64%
Arrival
63%
Eyes Wide Shut
63%
Lost in Translation
63%
LOTR: The Fellowship of the Ring
63%
Requiem for a Dream
63%
Schindler's List
63%
Star Wars
63%
Aftersun
62%
City of God
62%
Frankenstein
62%
Halloween
62%
Mulholland Drive
62%
Pearl
62%
Revenge of the Sith
62%
Singin' in the Rain
62%
The Breakfast Club
62%
The Godfather Part II
62%
The Sound of Music
62%
Girl, Interrupted
61%
Gone Girl
61%
Notting Hill
61%
Oldboy
61%
The Substance
61%
Trainspotting
61%
Avatar: The Way of Water
60%
Babylon
59%
Clueless
59%
Dirty Dancing
59%
LOTR: The Two Towers
59%
When Harry Met Sally...
59%
Apocalypse Now
58%
Pitch Perfect
58%
Ponyo
58%
Prisoners
58%
The Good, the Bad and the Ugly
58%
The Parent Trap
58%
Bones and All
57%
Portrait of a Lady on Fire
57%
The Greatest Showman
57%
There Will Be Blood
57%
Hereditary
56%
Leon: The Professional
56%
One Flew Over the Cuckoo's Nest
56%
Paris, Texas
56%
Princess Mononoke
56%
The Conjuring
56%
The Empire Strikes Back
55%
The Lighthouse
55%
Blade Runner
54%
Jennifer's Body
54%
Spider-man: No Way Home
54%
The Virgin Suicides
54%
Harry Potter and the Goblet of Fire
53%
Mad Max: Fury Road
53%
Manchester by the Sea
53%
Past Lives
53%
Perfect Blue
53%
The Holdovers
53%
Isle of Dogs
52%
The Rocky Horror Picture Show
52%
Blue Velvet
51%
In the Mood for Love
51%
Saw
51%
Stand by Me
51%
Almost Famous
49%
Before Sunset
49%
The Florida Project
49%
The Princess Bride
49%
About Time
48%
Heat
48%
The Departed
48%
The Prestige
48%
But I'm a Cheerleader
47%
Cinema Paradiso
47%
Grave of the Fireflies
47%
Memories of Murder
47%
Your Name
47%
Hacksaw Ridge
46%
It's a Wonderful Life
46%
Kiki's Delivery Service
46%
To All the Boys I've Loved Before
46%
Twin Peaks: Fire Walk with Me
46%
13 Going on 30
45%
Amadeus
45%
Bottoms
45%
Hot Fuzz
44%
Casablanca
43%
Life is Beautiful
43%
Moonrise Kingdom
43%
Pan's Labyrinth
43%
Labyrinth
42%
The Big Lebowski
42%
The Royal Tenenbaums
42%
Akira
41%
Me Before You
41%
I Saw the TV Glow
39%
The Secret Life of Walter Mitty
39%
Handmaiden
38%
My Neighbour Totoro
38%
The Worst Person in the World
38%
Moulin Rouge!
37%
Neon Genesis Evangelion: The End of Evangelion
36%
Fallen Angels
34%
Mysterious Skin
34%
Chungking Express
33%
Phantom Thread
33%
The Witch
33%
Waves
33%
Frances Ha
32%
mid90s
32%
Atonement
31%
Carol
29%
Heathers
29%
Perfect Days
28%
Y Tu Mama Tambien
28%
A Silent Voice
27%
Dazed and Confused
27%
Stalker
27%
Uptown Girls
27%
Children of Men
26%
Monster
22%
All About Lily Chou-Chou
11%
No matching quizzes found
Score Distribution
Percent of People with Each Score
Percentile by Number Answered
Your Score History
You have not taken this quiz